MyGZULibrary

Cognitive psychology : (Record no. 183)

MARC details
000 -LEADER
fixed length control field 01255cam a2200313 a 4500
001 - CONTROL NUMBER
control field 14687842
003 - CONTROL NUMBER IDENTIFIER
control field GZU
005 - DATE AND TIME OF LATEST TRANSACTION
control field 20200708093108.0
008 - FIXED-LENGTH DATA ELEMENTS--GENERAL INFORMATION
fixed length control field 070108s2008 at a b 001 0 eng
010 ## - LIBRARY OF CONGRESS CONTROL NUMBER
LC control number 2007920373
020 ## - INTERNATIONAL STANDARD BOOK NUMBER
International Standard Book Number 9780495095576
020 ## - INTERNATIONAL STANDARD BOOK NUMBER
International Standard Book Number 0495095575
040 ## - CATALOGING SOURCE
Original cataloging agency DLC
Transcribing agency DLC
Modifying agency DLC
050 00 - LIBRARY OF CONGRESS CALL NUMBER
Classification number BF201
Item number .G65 2008
082 04 - DEWEY DECIMAL CLASSIFICATION NUMBER
Classification number 153
Edition number 22
100 1# - MAIN ENTRY--PERSONAL NAME
Personal name Goldstein, E. Bruce,
Dates associated with a name 1941-
245 10 - TITLE STATEMENT
Title Cognitive psychology :
Remainder of title connecting mind, research, and everyday experience /
Statement of responsibility, etc. E. Bruce Goldstein.
250 ## - EDITION STATEMENT
Edition statement 2nd ed.
260 ## - PUBLICATION, DISTRIBUTION, ETC.
Place of publication, distribution, etc. Australia ;
-- Belmont, CA :
Name of publisher, distributor, etc. Thomson Wadsworth,
Date of publication, distribution, etc. c2008.
300 ## - PHYSICAL DESCRIPTION
Extent xxxvii, 552 p. :
Other physical details ill. (some col.) ;
Dimensions 24 cm.
504 ## - BIBLIOGRAPHY, ETC. NOTE
Bibliography, etc. note Includes bibliographical references (p. 507-538) and index.
650 #0 - SUBJECT ADDED ENTRY--TOPICAL TERM
Topical term or geographic name entry element Cognitive psychology.
856 42 - ELECTRONIC LOCATION AND ACCESS
Materials specified Publisher description
Uniform Resource Identifier <a href="http://www.loc.gov/catdir/enhancements/fy1215/2007920373-d.html">http://www.loc.gov/catdir/enhancements/fy1215/2007920373-d.html</a>
856 41 - ELECTRONIC LOCATION AND ACCESS
Materials specified Table of contents only
Uniform Resource Identifier <a href="http://www.loc.gov/catdir/enhancements/fy1215/2007920373-t.html">http://www.loc.gov/catdir/enhancements/fy1215/2007920373-t.html</a>
856 42 - ELECTRONIC LOCATION AND ACCESS
Materials specified Contributor biographical information
Uniform Resource Identifier <a href="http://www.loc.gov/catdir/enhancements/fy1515/2007920373-b.html">http://www.loc.gov/catdir/enhancements/fy1515/2007920373-b.html</a>
906 ## - LOCAL DATA ELEMENT F, LDF (RLIN)
a 7
b cbc
c orignew
d 2
e epcn
f 20
g y-gencatlg
942 ## - ADDED ENTRY ELEMENTS (KOHA)
Source of classification or shelving scheme Library of Congress Classification
Koha item type Books
Edition 2nd ed.
Classification part 311
Item part GOL
Call number prefix BF
Call number suffix 2008
Holdings
Withdrawn status Lost status Damaged status Not for loan Collection code Home library Current library Shelving location Date acquired Total Checkouts Full call number Barcode Date last seen Copy number Price effective from Koha item type Date last checked out
        Non-fiction City Campus Library City Campus Library General Stacks 07/08/2020   BF311 GOL 2008 008359 07/08/2020 c.1 07/08/2020 Books  
        Non-fiction City Campus Library City Campus Library General Stacks 07/08/2020   BF311 GOL 2008 008356 07/08/2020 c.2 07/08/2020 Books  
        Non-fiction City Campus Library City Campus Library General Stacks 07/08/2020 1 BF311 GOL 2008 008358 03/20/2026 c.3 07/08/2020 Books 03/12/2026